Drop Dead Lyrics -Olivia Rodrigo - Statistics

General Stats
  • This quiz has been taken 42 times
  • The average score is 322 of 396
Answer Stats
Answer % Correct
a
97%
1st Verse I
97%
the
97%
an
94%
in
94%
know
94%
you
94%
and
91%
angel
91%
at
91%
bar
91%
bed
91%
but
91%
closes
91%
dead
91%
drop
91%
he
91%
Like
91%
like
91%
of
91%
on
91%
one
91%
stalked
91%
standin'
91%
that
91%
to
91%
up
91%
was
91%
all
88%
bathroom
88%
beer
88%
bored
88%
eleven
88%
had
88%
Had
88%
Heaven"
88%
hope
88%
internet
88%
it
88%
"Just
88%
just
88%
line
88%
lookin'
88%
me
88%
night
88%
pressed
88%
standing
88%
vision
88%
walls
88%
always
84%
'cause
84%
finish
84%
it's
84%
kiss
84%
might
84%
never
84%
Chorus oh
84%
this
84%
us
84%
Versailles
84%
you're
84%
been
81%
ever
81%
go
81%
intuition
81%
right
81%
words
81%
feminine
78%
I've
78%
ive
78%
alive
75%
have
75%
here
75%
most
75%
now
75%
them
75%
then
75%
throw
75%
we
75%
why
75%
Eurostar
72%
feel
72%
gut
72%
left
72%
paranoid
72%
punch
72%
so
72%
wrote
72%
boy
69%
France
69%
if
69%
Japan
69%
or
69%
pretty
69%
gum
66%
hook
66%
I'd
66%
I'm
66%
bunch
63%
chewing
63%
got
63%
made
63%
real
63%
stuff
63%
think
63%
Gemini
59%
out
59%
damn
56%
home
56%
Bridge Pisces
56%
slow
56%
stay
56%
taken
56%
together
56%
yeah
56%
clothes
53%
forever
53%
hand
53%
held
53%
let
53%
my
53%
tell
53%
walked
53%
can
50%
god
50%
how
50%
love
50%
make
50%
off
50%
promise
50%
really
50%
well
50%
whole
50%
world
50%
nice
47%
could
44%
droppin'
41%
fall
41%
ground
41%
hints
38%
let's
34%
maybe
34%
steady
34%
(Ah)
28%
No matching quizzes found
Score Distribution
Percent of People with Each Score
Percentile by Number Answered
Your Score History
You have not taken this quiz